00718cam a2200229 a 45000010008000000030006000080050017000140080041000310100017000720200015000890400018001040500022001220820019001441000031001632450090001942600060002843000025003445000019003695040043003886000040004317000017004711460999GBCCL20241126110442.0860508s1986 nju b 000 0 eng  a 86013064  a0800701933 aDLCcDLCdDLC00aBT590.E8bC6 198600a269.2219bCOL1 aColeman, Robert E.,d1928-14aThe master plan of evangelism /cRobert E. Coleman ; with study guide by Roy J. Fish. aOld Tappan, N.J. :bF.H. Revell,c1987 printing, c1964. a126, 64 p. ;c21 cm. a"Power books." aBibliography: p. 61-64 (second group).00aJesus ChristxEvangelistic methods.1 aFish, Roy J.